UK airports ICAO (easy) - Statistics

General Stats
  • This quiz has been taken 34 times
  • The average score is 7 of 17
Answer Stats
Hint Answer % Correct
Heathrow EGLL
91%
Luton EGGW
61%
Gatwick EGKK
61%
Stansted EGSS
61%
Bournemouth EGHH
52%
Birmingham EGBB
48%
Edinburgh EGPH
48%
Manchester EGCC
43%
Bristol EGGD
39%
Liverpool EGGP
39%
Glasgow EGPF
39%
Southampton EGHI
35%
Southend EGMC
35%
Leeds Bradford EGNM
30%
Aberdeen EGPD
22%
East Midlands EGNX
13%
Exeter EGTE
13%
No matching quizzes found
Score Distribution
Percent of People with Each Score
Percentile by Number Answered
Your Score History
You have not taken this quiz